000 00374nmm a2200145 a 4500
003 AR-BaBNM
005 20251128203058.0
008 043119s1887 ||||||||||||||000 | spa||
040 _cAR-BaBNM
100 1 _aZeballos, Estanislao Severo
_d1854-1923
245 1 0 _aRelmu, reina de los pinares
260 _aBuenos Aires
_bJacobo Peuser
_c1887
942 _cBK
998 _cJACOBZON
999 _c1785
_d1785